Les papillons diurnes les plus cochés en France - Statistiques

Statistiques générales
  • Ce quiz a été pris 58 fois
  • Le résultat moyen est 17 sur 40
Statistiques - réponses
Place Nom % Correct
2 Citron
87%
1 Machaon
85%
3 Vulcain
85%
5 Flambé
79%
4 Paon du Jour
79%
7 Pièride du chou
74%
18 Azuré commun
67%
12 Pièride de la rave
67%
9 Belle Dame
54%
11 Demi-Deuil
54%
21 Pièride du navet
54%
16 Petite Tortue
51%
13 Robert-le-diable
51%
8 Tircis
51%
17 Tabac d'Espagne
49%
27 Grande tortue
44%
15 Cuivré commun
41%
19 Fadet commun
41%
14 Souci
41%
6 Aurore
38%
25 Gazé
38%
10 Myrtil
38%
20 Mégère
36%
29 Carte géographique
33%
36 Thècle de la ronce
33%
31 Pièride de la Moutarde
31%
22 Amaryllis
28%
23 Collier de corail
28%
40 Petit mars changeant
28%
24 Azuré des Nerpruns
23%
26 Mélitée du plantain
23%
32 Melitée orangée
21%
37 Azuré bleu céleste
18%
33 Citron de Provence
18%
39 Petit nacré
18%
35 Petit sylvain
18%
38 Tristan
18%
28 Sylvaine
15%
30 Silène
13%
34 Sylvain azurée
3%
Aucun quiz correspondant
Distribution des résultats
% des personnes avec chaque résultat
Percentile par nombre de réponses
Votre historique - résultats
Vous n’avez pas pris ce quiz